[Event "UKR-ch"]
[Site "Alushta"]
[Date "2010.05.04"]
[Round "2"]
[White "Demidenko, Stanislav"]
[Black "Roschupkin, Volodymyr"]
[Result "1-0"]
[WhiteElo "2191"]
[BlackElo "1961"]
[PlyCount "65"]
[EventDate "2010.05.03"]
[EventType "swiss"]
[EventRounds "9"]
[EventCountry "UKR"]
[SourceTitle "CBM 136 Extra"]
[Source "ChessBase"]
[SourceDate "2010.07.02"]
[SourceVersion "2"]
[SourceVersionDate "2010.07.15"]
[SourceQuality "1"]

1. e4 c5 2. Nf3 d6 3. d4 cxd4 4. Nxd4 Nf6 5. Nc3 Nc6 6. Bg5 Bd7 7. Qd2 Rc8 8. 0-0-0 Nxd4 9. Qxd4 Qa5 10. f4 h6 11. Bxf6 gxf6 12. Kb1 Qc5 13. Qd2 f5 14. e5 e6 15. Be2 d5 16. Bf3 Be7 17. g4 fxg4 18. Bxg4 Qa5 19. Qd3 Bb4 20. Ne2 Bb5 21. Qh3 Bc4 22. Nc1 Rc6 23. Nb3 Qa4 24. c3 Bxb3 25. axb3 Qxb3 26. Rc1 Ba3 27. Rc2 Rb6 28. c4 Qb4 29. c5 Rb5 30. Bxe6 Bxb2 31. Bd7+ Kf8 32. Bxb5 Bc3+ 33. Kc1 1-0

[Event "Stopkin Memorial 1st"]
[Site "Nikolaev"]
[Date "2009.11.27"]
[Round "8"]
[White "Demidenko, Stanislav"]
[Black "Karpuzov, Georgiy"]
[Result "1-0"]
[WhiteElo "2205"]
[BlackElo "1887"]
[PlyCount "45"]
[EventDate "2009.11.22"]
[EventType "swiss"]
[EventRounds "9"]
[EventCountry "UKR"]
[SourceTitle "EXT 2023"]
[Source "ChessBase"]
[SourceDate "2022.10.05"]
[SourceVersion "1"]
[SourceVersionDate "2022.10.05"]
[SourceQuality "1"]

1. e4 d5 2. exd5 Qxd5 3. Nf3 Bg4 4. Be2 Nf6 5. Nc3 Qa5 6. 0-0 e6 7. d4 c6 8. Ne5 Bxe2 9. Qxe2 Nbd7 10. Re1 Bd6 11. Bf4 Bxe5 12. dxe5 Nd5 13. Nxd5 cxd5 14. Qg4 g6 15. Bh6 0-0-0 16. Qf4 Rdf8 17. Bxf8 Rxf8 18. c4 Kb8 19. cxd5 Qxd5 20. Rad1 Qc5 21. Qd4 Qd5 22. Qa4 Nb6 23. Qa3 1-0

[Event "Kharkov Caissa op"]
[Site "Kharkov"]
[Date "2002.01.27"]
[Round "6"]
[White "Demidenko, Stanislav"]
[Black "Gavrish, Leonid"]
[Result "0-1"]
[WhiteElo "2216"]
[BlackElo "2030"]
[PlyCount "52"]
[EventDate "2002.01.22"]
[EventType "swiss"]
[EventRounds "9"]
[EventCountry "UKR"]
[SourceTitle "CBM 086 Extra"]
[Source "ChessBase"]
[SourceDate "2002.03.14"]
[SourceVersion "1"]
[SourceVersionDate "2002.03.14"]
[SourceQuality "1"]

1. e4 c5 2. Nf3 Nc6 3. d4 cxd4 4. Nxd4 Nf6 5. Nc3 g6 6. Be3 Bg7 7. Be2 0-0 8. 0-0 d5 9. exd5 Nxd5 10. Nxd5 Qxd5 11. Bf3 Qa5 12. Nxc6 bxc6 13. Bxc6 Rb8 14. Qd5 Qc7 15. Ba4 Bxb2 16. Rab1 Be6 17. Qc5 Qxc5 18. Bxc5 Bxa2 19. Rbd1 Rb7 20. Rfe1 Bf6 21. h3 Rc8 22. Be3 Kg7 23. Rd7 Rxd7 24. Bxd7 Rxc2 25. g4 h6 26. Rd1 a6 0-1

[Event "Kharkov Caissa op"]
[Site "Kharkov"]
[Date "2002.01.23"]
[Round "2"]
[White "Demidenko, Stanislav"]
[Black "Guliaev, Sergey"]
[Result "1/2-1/2"]
[WhiteElo "2216"]
[BlackElo "2010"]
[PlyCount "36"]
[EventDate "2002.01.22"]
[EventType "swiss"]
[EventRounds "9"]
[EventCountry "UKR"]
[SourceTitle "CBM 086 Extra"]
[Source "ChessBase"]
[SourceDate "2002.03.14"]
[SourceVersion "1"]
[SourceVersionDate "2002.03.14"]
[SourceQuality "1"]

1. e4 c5 2. Nf3 e6 3. d4 cxd4 4. Nxd4 a6 5. Bd3 Nc6 6. Be3 Nf6 7. 0-0 d5 8. exd5 Nxd5 9. Nxc6 bxc6 10. Bd2 Be7 11. c4 Nf6 12. Qc2 0-0 13. Nc3 c5 14. Ne4 h6 15. Bc3 Bb7 16. Rad1 Nxe4 17. Bxe4 Qc7 18. Rfe1 Rad8 1/2-1/2

[Event "UKR-ch"]
[Site "Sevastopol"]
[Date "2000.??.??"]
[Round "1"]
[White "Krivoshey, Sergei"]
[Black "Demidenko, Stanislav"]
[Result "1-0"]
[WhiteElo "2434"]
[BlackElo "2197"]
[PlyCount "87"]
[EventDate "2000.??.??"]
[EventType "swiss"]
[EventRounds "9"]
[EventCountry "UKR"]
[SourceTitle "EXT 2001"]
[Source "ChessBase"]
[SourceDate "2000.11.22"]
[SourceVersion "1"]
[SourceVersionDate "2000.11.22"]
[SourceQuality "1"]

1. Nf3 Nf6 2. c4 g6 3. Nc3 Bg7 4. e4 d6 5. d4 0-0 6. Be2 e5 7. 0-0 Nc6 8. d5 Ne7 9. Ne1 Nd7 10. Be3 f5 11. f3 f4 12. Bf2 g5 13. a4 a5 14. Nd3 b6 15. Be1 h5 16. Nb5 Nf6 17. b4 g4 18. bxa5 bxa5 19. c5 Ng6 20. Qc2 gxf3 21. Bxf3 Ng4 22. cxd6 cxd6 23. Qc6 Ba6 24. Ra3 Bxb5 25. axb5 Rc8 26. Bxa5 Qe7 27. Rc1 Rxc6 28. dxc6 Nh4 29. c7 Nxf3+ 30. gxf3 Nxh2 31. Ne1 Qg5+ 32. Kxh2 Qg3+ 33. Kh1 Qh3+ 34. Kg1 Bf6 35. Ng2 Kh7 36. Rc2 d5 37. b6 dxe4 38. b7 exf3 39. c8Q f2+ 40. Kxf2 Bh4+ 41. Nxh4 Qxh4+ 42. Kf1 Qh1+ 43. Ke2 f3+ 44. Kd2 1-0

[Event "Bled op 20th"]
[Site "Bled"]
[Date "1999.03.28"]
[Round "9"]
[White "Demidenko, Stanislav"]
[Black "Semrl, Marjan"]
[Result "0-1"]
[WhiteElo "2223"]
[BlackElo "2206"]
[PlyCount "60"]
[EventDate "1999.03.20"]
[EventType "swiss"]
[EventRounds "9"]
[EventCountry "SLO"]
[SourceTitle "CBM 069 Extra"]
[Source "ChessBase"]
[SourceDate "1999.05.10"]
[SourceVersion "1"]
[SourceVersionDate "1999.05.10"]
[SourceQuality "1"]

1. e4 Nc6 2. Nf3 d5 3. exd5 Qxd5 4. Nc3 Qa5 5. Bc4 Bg4 6. 0-0 e6 7. h3 Bh5 8. Be2 Nf6 9. d4 0-0-0 10. Be3 Bb4 11. Nb1 Rhe8 12. c3 Bf8 13. b4 Qd5 14. b5 Bxf3 15. Bxf3 Qxb5 16. a4 Qb2 17. Nd2 Nd5 18. Bxd5 exd5 19. Rc1 Na5 20. Rc2 Qa3 21. Qb1 a6 22. Rfc1 Nc4 23. Nxc4 dxc4 24. Ra2 Qd6 25. a5 Qd5 26. Ra4 Rd6 27. Qa2 Rg6 28. g3 Rxe3 29. fxe3 Rxg3+ 30. Kh2 Bd6 0-1

[Event "Bled op 20th"]
[Site "Bled"]
[Date "1999.03.21"]
[Round "2"]
[White "Demidenko, Stanislav"]
[Black "Filipovic, Branko"]
[Result "0-1"]
[WhiteElo "2223"]
[BlackElo "2434"]
[PlyCount "142"]
[EventDate "1999.03.20"]
[EventType "swiss"]
[EventRounds "9"]
[EventCountry "SLO"]
[SourceTitle "CBM 069 Extra"]
[Source "ChessBase"]
[SourceDate "1999.05.10"]
[SourceVersion "1"]
[SourceVersionDate "1999.05.10"]
[SourceQuality "1"]

1. e4 b6 2. d4 Bb7 3. Bd3 e6 4. Nf3 c5 5. 0-0 cxd4 6. Nxd4 a6 7. Qe2 Ne7 8. c4 Nbc6 9. Be3 Nxd4 10. Bxd4 Nc6 11. Bc3 Nb4 12. Nd2 Nxd3 13. Qxd3 Qc7 14. Nf3 f6 15. Rad1 Be7 16. Rfe1 Rd8 17. a4 0-0 18. a5 bxa5 19. Qd2 Bb4 20. Bxb4 axb4 21. Qxb4 a5 22. Qc3 f5 23. Nd2 a4 24. exf5 Rxf5 25. Ne4 Bc6 26. f3 Rb8 27. Rd2 Rb3 28. Qd4 Qf4 29. Qd6 Re3 30. Red1 Qh4 31. Qg3 Qxg3 32. Nxg3 Rc5 33. Rd4 Rb3 34. R1d2 Rb4 35. Rc2 e5 36. Rg4 Kf7 37. Nf5 h5 38. Rh4 g5 39. Rxh5 Kg6 40. g4 Bxf3 41. Rh6+ Kf7 42. Ne3 Rb3 43. Kf2 d5 44. Rc3 Rxc3 45. bxc3 Be4 46. cxd5 Rxc3 47. Ra6 a3 48. Ra7+ Kf6 49. d6 Rd3 50. Nc4 Bd5 51. Nxa3 Be6 52. Nb5 Bxg4 53. Ra6 Bd7 54. Na3 Ke6 55. Ra5 Rd2+ 56. Kg3 Rd4 57. Kg2 Bc6+ 58. Kg3 Rb4 59. Ra6 Kxd6 60. Nc2 Rf4 61. Ra5 Be4 62. Nb4 Ke6 63. Ra6+ Kf5 64. h3 Rf3+ 65. Kh2 Rf2+ 66. Kg1 Rg2+ 67. Kf1 Rb2 68. Ra4 Rb3 69. Na6 Rxh3 70. Nc5 Bc6 71. Ra7 Rc3 0-1

[Event "Polanica Zdroj op"]
[Site "Polanica Zdroj"]
[Date "1998.??.??"]
[Round "?"]
[White "Shishkin, Vadim"]
[Black "Demidenko, Stanislav"]
[Result "1-0"]
[WhiteElo "2440"]
[BlackElo "2290"]
[PlyCount "55"]
[EventDate "1998.??.??"]
[EventType "swiss"]
[EventRounds "10"]
[EventCountry "POL"]
[SourceTitle "EXT 2003"]
[Source "ChessBase"]
[SourceDate "2002.11.25"]
[SourceVersion "1"]
[SourceVersionDate "2002.11.25"]
[SourceQuality "1"]

1. d4 Nf6 2. Nf3 g6 3. Bg5 Bg7 4. Nbd2 0-0 5. e4 d6 6. c3 c5 7. Bd3 Nbd7 8. Qe2 e5 9. Nc4 Qc7 10. dxe5 dxe5 11. a4 b6 12. 0-0 Re8 13. Rfd1 Nf8 14. Bxf6 Bxf6 15. Ne3 Bg7 16. Bb5 Bd7 17. Nd5 Qb8 18. Nd2 Bxb5 19. Qxb5 Ne6 20. Nc4 Nc7 21. Nxc7 Qxc7 22. Rd7 Qb8 23. Rad1 Bf8 24. Qc6 Re6 25. Qd5 a6 26. Rb7 Qe8 27. Rxb6 Rxb6 28. Nxb6 1-0

[Event "Budapest FS09 IM"]
[Site "Budapest"]
[Date "1997.09.16"]
[Round "11"]
[White "Kiss, Gedeon"]
[Black "Demidenko, Stanislav"]
[Result "1-0"]
[WhiteElo "2260"]
[BlackElo "2260"]
[PlyCount "55"]
[EventDate "1997.09.06"]
[EventType "tourn"]
[EventRounds "13"]
[EventCountry "HUN"]
[EventCategory "3"]
[SourceTitle "CBM 059 Extra"]
[Source "ChessBase"]
[SourceDate "1997.09.26"]
[SourceVersion "1"]
[SourceVersionDate "1997.09.26"]
[SourceQuality "1"]

1. e4 c5 2. Nf3 d6 3. d4 cxd4 4. Nxd4 Nf6 5. Nc3 g6 6. Be3 Bg7 7. f3 0-0 8. Qd2 Nc6 9. Bc4 Qa5 10. 0-0-0 Bd7 11. h4 Ne5 12. Bb3 Rfc8 13. g4 b5 14. h5 Nc4 15. Bxc4 bxc4 16. hxg6 hxg6 17. Bh6 Bh8 18. Bf8 Rxf8 19. Rxh8+ Kxh8 20. Qh6+ Kg8 21. Rh1 Nh5 22. Nd5 Qd8 23. gxh5 g5 24. Rg1 f6 25. Qg6+ Kh8 26. f4 Qe8 27. Qh6+ Kg8 28. fxg5 1-0

[Event "Budapest FS09 IM"]
[Site "Budapest"]
[Date "1997.09.10"]
[Round "5"]
[White "Demidenko, Stanislav"]
[Black "Varga, Peter"]
[Result "0-1"]
[WhiteElo "2260"]
[BlackElo "2395"]
[PlyCount "90"]
[EventDate "1997.09.06"]
[EventType "tourn"]
[EventRounds "13"]
[EventCountry "HUN"]
[EventCategory "3"]
[SourceTitle "CBM 059 Extra"]
[Source "ChessBase"]
[SourceDate "1997.09.26"]
[SourceVersion "1"]
[SourceVersionDate "1997.09.26"]
[SourceQuality "1"]

1. e4 c5 2. Nf3 d6 3. d4 cxd4 4. Nxd4 Nf6 5. Nc3 Nc6 6. Bg5 e6 7. Qd2 a6 8. 0-0-0 h6 9. Bf4 Bd7 10. Nxc6 Bxc6 11. f3 d5 12. exd5 Nxd5 13. Be5 f6 14. Bd4 Bb4 15. a3 Nxc3 16. Bxc3 Qxd2+ 17. Bxd2 Bxd2+ 18. Rxd2 Rd8 19. Bc4 Rxd2 20. Kxd2 Ke7 21. Rd1 g5 22. Ke3 h5 23. g3 h4 24. g4 f5 25. gxf5 exf5 26. Bd5 Rd8 27. c4 Bxd5 28. cxd5 Kd6 29. h3 Re8+ 30. Kd4 Re5 31. Kc4 b5+ 32. Kb4 Rxd5 33. Rg1 Rd4+ 34. Ka5 Kc6 35. b3 Rd3 36. Kb4 Kb6 37. a4 a5+ 38. Ka3 b4+ 39. Kb2 Rxf3 40. Rxg5 Rf2+ 41. Kb1 Kc5 42. Rg8 Kd4 43. Rc8 f4 44. Rc4+ Kd3 45. Kc1 f3 0-1

[Event "Budapest FS09 IM"]
[Site "Budapest"]
[Date "1997.09.06"]
[Round "1"]
[White "Demidenko, Stanislav"]
[Black "Appleberry, Martin"]
[Result "1/2-1/2"]
[WhiteElo "2260"]
[BlackElo "2235"]
[PlyCount "33"]
[EventDate "1997.09.06"]
[EventType "tourn"]
[EventRounds "13"]
[EventCountry "HUN"]
[EventCategory "3"]
[SourceTitle "CBM 059 Extra"]
[Source "ChessBase"]
[SourceDate "1997.09.26"]
[SourceVersion "1"]
[SourceVersionDate "1997.09.26"]
[SourceQuality "1"]

1. e4 d6 2. d4 Nf6 3. Nc3 g6 4. Nf3 Bg7 5. Be2 0-0 6. 0-0 Nc6 7. h3 e5 8. dxe5 Nxe5 9. Nxe5 dxe5 10. Bg5 Qxd1 11. Rfxd1 c6 12. Rd6 Be6 13. Rad1 Ne8 14. Rd8 Rxd8 15. Rxd8 Bf6 16. Bxf6 Nxf6 17. Rd6 1/2-1/2